Microeconomía (Registro nro. 4022)

Detalles MARC
000 -LEADER
fixed length control field 01514 a2200241 4500
001 - CONTROL NUMBER
control field 45840
005 - DATE AND TIME OF LATEST TRANSACTION
control field 20260407155730.0
008 - FIXED-LENGTH DATA ELEMENTS--GENERAL INFORMATION
fixed length control field 260407a1982 arg spa d
003 - CONTROL NUMBER IDENTIFIER
control field AR-UNSa-BCEJYS
040 ## - CATALOGING SOURCE
Original cataloging agency AR-UNSa-BCEJYS
Language of cataloging spa
Transcribing agency AR-UNSa-BCEJYS
080 ## - UNIVERSAL DECIMAL CLASSIFICATION NUMBER
Universal Decimal Classification number 330.101.542
Common auxiliary subdivision Microeconomía
020 ## - INTERNATIONAL STANDARD BOOK NUMBER
International Standard Book Number 968-451-536-7
100 1# - MAIN ENTRY--PERSONAL NAME
Personal name Toharia Cortés, Luis
245 10 - TITLE STATEMENT
Title Microeconomía
Name of part/section of a work con aplicaciones a la empresa
264 #1 - PRODUCTION, PUBLICATION, DISTRIBUTION, MANUFACTURE, AND COPYRIGHT NOTICE
Place of production, publication, distribution, manufacture México :
Name of producer, publisher, distributor, manufacturer McGraw-Hill
Date of production, publication, distribution, manufacture, or copyright notice 1982
300 ## - PHYSICAL DESCRIPTION
Extent 455 p.
Dimensions 23 cm.
505 ## - FORMATTED CONTENTS NOTE
Formatted contents note Parte I : Introducción : 1. Empresas, directivos y economía - - Parte II : Instrumentos para las decisiones empresariales : 2. Teoría de la demanda del consumidor – 3. La demanda de mercado : características y estimación – 4. Producción y costes – 5. Teoría de la empresa – 6. Decisiones en condiciones de incertidumbre - - Parte III : Aplicaciones a problemas empresariales : 7. Decisiones organizativas – 8. Decisiones de financiación y seguro – 9. Decisiones de administración del personal – 10. Administración del personal en mercados imperfectos – 11. Decisiones de producción – 12. Decisiones sobre la fijación de los precios en mercados imperfectos – 13. Decisiones de marketing – 14. Decisiones contables y empresariales - - Parte IV : Relajación del supuesto de la maximización de los beneficios.
590 ## - LOCAL NOTE (RLIN)
Local note niveau_biblio:m niveau_hierar:0
700 1# - ADDED ENTRY--PERSONAL NAME
Personal name Kenny, Lawrence W.
700 1# - ADDED ENTRY--PERSONAL NAME
Personal name Blair, Roger D.
700 1# - ADDED ENTRY--PERSONAL NAME
Personal name Cortes Marques, Gabriel
942 ## - ADDED ENTRY ELEMENTS (KOHA)
Koha item type
Existencias
Withdrawn status Lost status Damaged status Not for loan Home library Current library Shelving location Date acquired Total checkouts Full call number Barcode Date last seen Price effective from Koha item type
        Biblioteca Prof. Eusebio Cleto del Rey Biblioteca Prof. Eusebio Cleto del Rey   07/04/2026   330.101.542 B635 L44272 07/04/2026 07/04/2026 Libro